| 000 | 00450nam a22001457a 4500 | ||
|---|---|---|---|
| 999 |
_c66063 _d66063 |
||
| 005 | 20200130165924.0 | ||
| 020 |
_a817708030X _c585.00 |
||
| 035 | _aB-92565, B-092567 | ||
| 037 |
_aDPL _bENG |
||
| 100 | _aMathur, Vibha | ||
| 245 |
_aIndian economy and the WTO : _bNew challenges and strategies / _cby Vibha Mathur |
||
| 260 |
_aDelhi _bNew Century Publications _c2002 |
||
| 300 |
_ax, 326p. _c20 cms. |
||
| 942 |
_2ddc _cEN _h330.954 _mMAT |
||